| 000 | 00443nam a2200169Ia 4500 | ||
|---|---|---|---|
| 003 | OSt | ||
| 005 | 20251118112535.0 | ||
| 008 | 250729s1988 xx 000 0 und d | ||
| 020 | _a978-0134746418 | ||
| 040 | _cAL | ||
| 041 | _aeng | ||
| 082 | _a500 EDUM | ||
| 245 | _aEducational materials linking technology teaching with science education:technology in life | ||
| 260 |
_aParis _c1988 |
||
| 650 |
_aScience _9224482 |
||
| 942 |
_2ddc _cBED |
||
| 999 |
_c236430 _d236430 |
||